<?xml version="1.0" encoding="UTF-8"?>
<record
    xmlns:xsi="http://www.w3.org/2001/XMLSchema-instance"
    xsi:schemaLocation="http://www.loc.gov/MARC21/slim http://www.loc.gov/standards/marcxml/schema/MARC21slim.xsd"
    xmlns="http://www.loc.gov/MARC21/slim">

  <leader>04875    a2200709   4500</leader>
  <controlfield tag="001">59273</controlfield>
  <controlfield tag="005">20260407155846.0</controlfield>
  <controlfield tag="008">260407a2022    arg                 spa d</controlfield>
  <controlfield tag="003">AR-UNSa-BCEJYS</controlfield>
  <datafield tag="040" ind1=" " ind2=" ">
    <subfield code="a">AR-UNSa-BCEJYS</subfield>
    <subfield code="b">spa</subfield>
    <subfield code="c">AR-UNSa-BCEJYS</subfield>
  </datafield>
  <datafield tag="080" ind1=" " ind2=" ">
    <subfield code="a">336.2</subfield>
    <subfield code="x">Ingresos p&#xFA;blicos (Derecho tributario)</subfield>
  </datafield>
  <datafield tag="245" ind1="1" ind2="0">
    <subfield code="a">Derechos y garant&#xED;as de los contribuyentes</subfield>
  </datafield>
  <datafield tag="020" ind1=" " ind2=" ">
    <subfield code="a">978-987-03-4440-7</subfield>
  </datafield>
  <datafield tag="264" ind1=" " ind2="1">
    <subfield code="a">Buenos Aires :</subfield>
    <subfield code="b">La Ley</subfield>
    <subfield code="c">2022</subfield>
  </datafield>
  <datafield tag="300" ind1=" " ind2=" ">
    <subfield code="a">2 v. (lxi, 1064 ; xxiv, 1108 p.)</subfield>
    <subfield code="c">24 cm.</subfield>
  </datafield>
  <datafield tag="505" ind1=" " ind2=" ">
    <subfield code="a">Vol. I: Cap&#xED;tulo I: Principios generales: 1. El principio de igualdad en la relaci&#xF3;n jur&#xED;dica tributaria con especial referencia al proceso contencioso tributario nacional -2. Derechos y garant&#xED;as de los contribuyentes &#x2013; 3. Derechos y garant&#xED;as del ciudadano-contribuyente &#x2013; 4. El estatuto del contribuyente &#x2013; 5. La Defensor&#xED;a del Contribuyente. Utop&#xED;a o realidad posible &#x2013; 6. Derechos y garant&#xED;as de los contribuyentes en el siglo XXI &#x2013; Capitulo II: Tributario y seguridad social: 1. El Tribunal Fiscal de la Naci&#xF3;n y los principios, derechos y garant&#xED;as constitucionales &#x2013; 2. Derechos y garant&#xED;as de los contribuyentes  ante tributos locales &#x2013; 3. El acuerdo conclusivo voluntario &#x2013; 4. Facultades de fiscalizaci&#xF3;n de la AFIP &#x2013; 5. Solve et repete y acceso a la justicia &#x2013; 6. Derechos de los sujetos pasivos del procedimiento de determinaci&#xF3;n de oficio &#x2013; 7. Los derechos de los contribuyentes en la era de la inteligencia artificial y del tax compliance by design &#x2013; 8. Derechos y garant&#xED;as de los contribuyentes ante el intercambio de informaci&#xF3;n fiscal &#x2013; 9. Derechos y garant&#xED;as constitucionales del contribuyente en el marco de la ejecuci&#xF3;n fiscal &#x2013; Vol. II: Capitulo II (continuaci&#xF3;n): 10. Las presunciones y ficciones desde la perspectiva de los derechos y garant&#xED;as de los contribuyentes &#x2013; 11. El principio acusatorio ante el procedimiento tributario sancionador &#x2013; 12. B&#xFA;squeda y afirmaci&#xF3;n de los derechos y garant&#xED;as en el campo de la tributaci&#xF3;n de seguridad social &#x2013; 13. Derechos y garant&#xED;as de los contribuyentes en la seguridad social &#x2013; 14. Derechos y garant&#xED;as de los contribuyentes en el &#xE1;mbito de las operaciones internacionales &#x2013; 15. Sanciones an&#xF3;malas en el derecho tributario &#x2013; 16. Derechos y garant&#xED;as de los contribuyentes ante una intervenci&#xF3;n fiscal &#x2013; 17. Facturas &#xBF;ap&#xF3;crifas? Y el principio de legalidad &#x2013; 18. Los derechos humanos en el proceso tributario nacional &#x2013; 19. Est&#xE1;ndar de garant&#xED;as del contribuyente en el procedimiento y proceso tributario &#x2013; 20. La digitalizaci&#xF3;n de los procedimientos tributarios y los derechos de los contribuyentes &#x2013; 21. Derechos y garant&#xED;as de los contribuyentes frente a los impuestos locales &#x2013; Capitulo III: Penal: 1. Derechos y garant&#xED;as de los contribuyentes ante la Ley Penal Tributaria &#x2013; 2. Garant&#xED;as constitucionales aplicables al proceso penal tributario &#x2013; 3. Asociaci&#xF3;n il&#xED;cita fiscal &#x2013; 4. La Conciliaci&#xF3;n en los delitos relativos a los recursos de la seguridad social &#x2013; 5. La prueba en el proceso tributario vinculado al incremento patrimonial no justificado en el Per&#xFA;

</subfield>
  </datafield>
  <datafield tag="041" ind1=" " ind2=" ">
    <subfield code="a">spa</subfield>
  </datafield>
  <datafield tag="942" ind1=" " ind2=" ">
    <subfield code="c">BK</subfield>
  </datafield>
  <datafield tag="590" ind1=" " ind2=" ">
    <subfield code="a">niveau_biblio:m niveau_hierar:0</subfield>
  </datafield>
  <datafield tag="100" ind1="1" ind2=" ">
    <subfield code="a">Bertazza, Humberto J.</subfield>
  </datafield>
  <datafield tag="700" ind1="1" ind2=" ">
    <subfield code="a">Calvi&#xF1;o, Sof&#xED;a Bel&#xE9;n</subfield>
  </datafield>
  <datafield tag="700" ind1="1" ind2=" ">
    <subfield code="a">Cantisano, Federico</subfield>
  </datafield>
  <datafield tag="700" ind1="1" ind2=" ">
    <subfield code="a">Celorio Vela, Jes&#xFA;s Agust&#xED;n</subfield>
  </datafield>
  <datafield tag="700" ind1="1" ind2=" ">
    <subfield code="a">Cornejo Costas, Emilio (h)</subfield>
  </datafield>
  <datafield tag="700" ind1="1" ind2=" ">
    <subfield code="a">Coronello, Silvina E.</subfield>
  </datafield>
  <datafield tag="700" ind1="1" ind2=" ">
    <subfield code="a">Damarco, Jorge H&#xE9;ctor</subfield>
  </datafield>
  <datafield tag="700" ind1="1" ind2=" ">
    <subfield code="a">Della Rocca, Horacio R.</subfield>
  </datafield>
  <datafield tag="700" ind1="1" ind2=" ">
    <subfield code="a">Eg&#xFC;ez, Hermosinda</subfield>
  </datafield>
  <datafield tag="700" ind1="1" ind2=" ">
    <subfield code="a">Folco, Carlos Maria</subfield>
  </datafield>
  <datafield tag="700" ind1="1" ind2=" ">
    <subfield code="a">Garbarino, Pablo</subfield>
  </datafield>
  <datafield tag="700" ind1="1" ind2=" ">
    <subfield code="a">Garcia Sinagra, Claudio</subfield>
  </datafield>
  <datafield tag="700" ind1="1" ind2=" ">
    <subfield code="a">Garc&#xED;a Vizca&#xED;no, Catalina</subfield>
  </datafield>
  <datafield tag="700" ind1="1" ind2=" ">
    <subfield code="a">Goldman, Diego Hern&#xE1;n</subfield>
  </datafield>
  <datafield tag="700" ind1="1" ind2=" ">
    <subfield code="a">Gorosito, Alberto M.</subfield>
  </datafield>
  <datafield tag="700" ind1="1" ind2=" ">
    <subfield code="a">Gusman, Alfredo S.</subfield>
  </datafield>
  <datafield tag="700" ind1="1" ind2=" ">
    <subfield code="a">Iriarte Yanicelli, Adolfo A.</subfield>
  </datafield>
  <datafield tag="700" ind1="1" ind2=" ">
    <subfield code="a">Liquin, Graciela</subfield>
  </datafield>
  <datafield tag="700" ind1="1" ind2=" ">
    <subfield code="a">Litvin, C&#xE9;sar R.</subfield>
  </datafield>
  <datafield tag="700" ind1="1" ind2=" ">
    <subfield code="a">Manonellas, Graciela N.</subfield>
  </datafield>
  <datafield tag="700" ind1="1" ind2=" ">
    <subfield code="a">Marconi, Ana Clara</subfield>
  </datafield>
  <datafield tag="700" ind1="1" ind2=" ">
    <subfield code="a">Marconi, Norberto J.</subfield>
  </datafield>
  <datafield tag="700" ind1="1" ind2=" ">
    <subfield code="a">Mastandrea, Alberto F.</subfield>
  </datafield>
  <datafield tag="700" ind1="1" ind2=" ">
    <subfield code="a">Mecikovsky, Jaime L.</subfield>
  </datafield>
  <datafield tag="700" ind1="1" ind2=" ">
    <subfield code="a">Nercellas, Marta</subfield>
  </datafield>
  <datafield tag="700" ind1="1" ind2=" ">
    <subfield code="a">Panetta, Luis Andr&#xE9;s</subfield>
  </datafield>
  <datafield tag="700" ind1="1" ind2=" ">
    <subfield code="a">Parera, Marina I.</subfield>
  </datafield>
  <datafield tag="700" ind1="1" ind2=" ">
    <subfield code="a">P&#xE9;rez, Daniel Guillermo</subfield>
  </datafield>
  <datafield tag="700" ind1="1" ind2=" ">
    <subfield code="a">Ponsetti, Edgardo</subfield>
  </datafield>
  <datafield tag="700" ind1="1" ind2=" ">
    <subfield code="a">Porporatto, Pablo A.</subfield>
  </datafield>
  <datafield tag="700" ind1="1" ind2=" ">
    <subfield code="a">Schurig, Harry</subfield>
  </datafield>
  <datafield tag="700" ind1="1" ind2=" ">
    <subfield code="a">Schwartzman, Daniel</subfield>
  </datafield>
  <datafield tag="700" ind1="1" ind2=" ">
    <subfield code="a">Simesen de Bielke, Sergio Armando</subfield>
  </datafield>
  <datafield tag="700" ind1="1" ind2=" ">
    <subfield code="a">Spisso, Rodolfo Roque</subfield>
  </datafield>
  <datafield tag="700" ind1="1" ind2=" ">
    <subfield code="a">Torassa, Marcos R.</subfield>
  </datafield>
  <datafield tag="700" ind1="1" ind2=" ">
    <subfield code="a">Tozzini, Gabriela I.</subfield>
  </datafield>
  <datafield tag="700" ind1="1" ind2=" ">
    <subfield code="a">Vega, Gerardo E.</subfield>
  </datafield>
  <datafield tag="700" ind1="1" ind2=" ">
    <subfield code="a">Vega, Juan Manuel</subfield>
  </datafield>
  <datafield tag="700" ind1="1" ind2=" ">
    <subfield code="a">Vega, Mar&#xED;a S.</subfield>
  </datafield>
  <datafield tag="700" ind1="1" ind2=" ">
    <subfield code="a">Viola, Jos&#xE9;</subfield>
  </datafield>
  <datafield tag="700" ind1="1" ind2=" ">
    <subfield code="a">Yacolca Estares, Daniel</subfield>
  </datafield>
  <datafield tag="856" ind1="4" ind2="1">
    <subfield code="u">https://www.biblioeco.unsa.edu.ar/pmb/images/libros/L129026.jpg</subfield>
    <subfield code="y">Imagen de portada</subfield>
    <subfield code="q">image/jpeg</subfield>
  </datafield>
  <datafield tag="999" ind1=" " ind2=" ">
    <subfield code="c">6630</subfield>
    <subfield code="d">6630</subfield>
  </datafield>
  <datafield tag="952" ind1=" " ind2=" ">
    <subfield code="0">0</subfield>
    <subfield code="1">0</subfield>
    <subfield code="4">0</subfield>
    <subfield code="7">0</subfield>
    <subfield code="a">BCEJYS</subfield>
    <subfield code="b">BCEJYS</subfield>
    <subfield code="c">16</subfield>
    <subfield code="d">2026-04-07</subfield>
    <subfield code="l">0</subfield>
    <subfield code="o">P336.2 B536 v.1</subfield>
    <subfield code="p">L129026</subfield>
    <subfield code="r">2026-04-07 15:58:46</subfield>
    <subfield code="w">2026-04-07</subfield>
    <subfield code="y">L</subfield>
  </datafield>
  <datafield tag="952" ind1=" " ind2=" ">
    <subfield code="0">0</subfield>
    <subfield code="1">0</subfield>
    <subfield code="4">0</subfield>
    <subfield code="7">0</subfield>
    <subfield code="a">BCEJYS</subfield>
    <subfield code="b">BCEJYS</subfield>
    <subfield code="c">16</subfield>
    <subfield code="d">2026-04-07</subfield>
    <subfield code="l">0</subfield>
    <subfield code="o">P336.2 B536 v.1</subfield>
    <subfield code="p">L129027</subfield>
    <subfield code="r">2026-04-07 15:58:46</subfield>
    <subfield code="w">2026-04-07</subfield>
    <subfield code="y">L</subfield>
  </datafield>
  <datafield tag="952" ind1=" " ind2=" ">
    <subfield code="0">0</subfield>
    <subfield code="1">0</subfield>
    <subfield code="4">0</subfield>
    <subfield code="7">0</subfield>
    <subfield code="a">BCEJYS</subfield>
    <subfield code="b">BCEJYS</subfield>
    <subfield code="c">16</subfield>
    <subfield code="d">2026-04-07</subfield>
    <subfield code="l">0</subfield>
    <subfield code="o">P336.2 B536 v.2</subfield>
    <subfield code="p">L129028</subfield>
    <subfield code="r">2026-04-07 15:58:46</subfield>
    <subfield code="w">2026-04-07</subfield>
    <subfield code="y">L</subfield>
  </datafield>
  <datafield tag="952" ind1=" " ind2=" ">
    <subfield code="0">0</subfield>
    <subfield code="1">0</subfield>
    <subfield code="4">0</subfield>
    <subfield code="7">0</subfield>
    <subfield code="a">BCEJYS</subfield>
    <subfield code="b">BCEJYS</subfield>
    <subfield code="c">16</subfield>
    <subfield code="d">2026-04-07</subfield>
    <subfield code="l">0</subfield>
    <subfield code="o">P336.2 B536 v.2</subfield>
    <subfield code="p">L129029</subfield>
    <subfield code="r">2026-04-07 15:58:46</subfield>
    <subfield code="w">2026-04-07</subfield>
    <subfield code="y">L</subfield>
  </datafield>
</record>
